El viaje de la familia Hueco /
Gardado en:
| Autor Principal: | |
|---|---|
| Formato: | Libro |
| Idioma: | Spanish |
| Publicado: |
San José, Costa Rica :
Ediciones Guayacán,
1988.
|
| Edición: | 1. edición |
| Materias: | |
| Etiquetas: |
Engadir etiqueta
Sen Etiquetas, Sexa o primeiro en etiquetar este rexistro!
|
MARC
| LEADER | 00000mam a2200000 a 4500 | ||
|---|---|---|---|
| 001 | 2158968 | ||
| 005 | 20170512090104.0 | ||
| 008 | 910910s1988 cr 000 1 spa d | ||
| 040 | |a FU |c FU |d CU |d UPB |d CRU CIICLA | ||
| 082 | |a CR863.4 |b D948v | ||
| 100 | 1 | |a Durán Ayanegui, Fernando |d 1939- | |
| 245 | 1 | 3 | |a El viaje de la familia Hueco / |c Fernando Durán A. |
| 250 | |a 1. edición | ||
| 260 | |a San José, Costa Rica : |b Ediciones Guayacán, |c 1988. | ||
| 300 | |a 127 páginas | ||
| 650 | 7 | |9 76 |a LITERATURA COSTARRICENSE |v CUENTOS | |
| 942 | |2 ddc |c BK | ||
| 999 | |c 3984 |d 3984 | ||
